| 000 | 00724nam a22002055i 4500 | ||
|---|---|---|---|
| 001 | 48168 | ||
| 003 | ES-MaACL | ||
| 005 | 20230906161715.0 | ||
| 007 | t| | ||
| 008 | 950705s1900 fr ||||1| fre d | ||
| 040 |
_aCAM _bspa _cCAM |
||
| 100 | 1 |
_aCharpentier, Henri. _938107 |
|
| 245 | 1 | 0 |
_aGéologie et minéralogie appliquées _b: les minéraux utiles & leurs gisements / _cpar Henri Charpentier... |
| 260 |
_aParis : _bVve. Ch. Dunod, _c1900 ( _eTours : _fimprimerie Deslis fréres) |
||
| 300 |
_aXI, [1] en bl., 643 p. ; _c19 cm. |
||
| 490 | 1 | _aBibliothèque du conducteur de travaux publics | |
| 830 | 0 |
_aBibliothèque du conducteur de travaux publics _9180955 |
|
| 852 |
_aES-MaACL _jF-2071 |
||
| 999 |
_c48168 _d48168 |
||